=LDR 00000nam 2200000 4500 =001 INLIS000000000031978 =005 20130612134020 =008 ***********************************ind** =035 ##$$0010-061300000031978 =041 ##$$a ind =082 ##$$a 92 (Sutarjo) =090 ##$$a 92 (Sutarjo), Kar s =100 ##$$a Kartohadikusumo, Setiadi =245 ##$$a Sutarjo, Psembuat Petisi Sutarjo dan Perjuangannya, Setiadi kartohadikusumo =260 ##$$a 1990 $b Jakarta =300 ##$$a 247 hlm, Ilus, 20,5 cm =650 ##$$a Sutarjo-Biografi =850 ##$$a NBPNMAT